|
|
|
|
| LEADER |
00000nam a2200000 a 4500 |
| 001 |
vtls008831968 |
| 003 |
SK-MaSNL |
| 005 |
20260301050054.0 |
| 008 |
240318s1910 xo 000 0 hun |
| 015 |
|
|
|a SNBA1910
|
| 040 |
|
|
|a SNK
|b slo
|c SNK
|e AACR2
|
| 041 |
1 |
|
|a hun
|
| 044 |
|
|
|a xo
|c SK
|
| 072 |
|
7 |
|a 061.2
|x Nevládne organizácie a kooperácia
|2 konspekt
|
| 080 |
|
|
|a 061.2
|2 2011
|
| 100 |
1 |
|
|a Takács, Melichar,
|d 1861-1933
|4 aut
|9 62275
|
| 245 |
1 |
0 |
|a A Kassai Kazinczykör 1909/10-iki Évadja
|b Az 1910. Április 3-iki Közgyülésen
|c Dr. Takács Menyhért Jászvóvári Prépost-Prelátusnak, A Kör Elnökének Megnyitóbeszéde És Dr. Eöttevényi Nagy Olivér Kir. Jog- És Gazd. Akad. Tanárk, A Kör Főtitkárának Évi Jelentése
|
| 260 |
|
|
|a Kassa
|b "Felsőmagyarország" Nyomdája
|c 1910
|
| 300 |
|
|
|a 30 s.
|c 19 cm
|
| 500 |
|
|
|a Obálkový titulný list
|
| 650 |
0 |
7 |
|a spolky
|2 SNKPH
|9 4725
|
| 655 |
|
7 |
|a výročné správy
|2 SNKPH
|9 70580
|
| 700 |
1 |
|
|a Eöttevényi, Oliver,
|d 1871-1945
|4 aut
|9 158404
|
| 710 |
2 |
|
|a "Felsőmagyarország" Nyomdája (Košice, Slovensko)
|4 prt
|9 355098
|
| 752 |
|
|
|a Slovensko
|d Košice
|
| 852 |
|
|
|a SNK
|p SD 14378
|
| 999 |
|
|
|c 600085
|d 602015
|
| 952 |
|
|
|a SNK
|b SNK
|y PREZ
|7 0
|p 17A0515816
|o snkSD 14378
|i snkKSK 1743/1957
|8 3
|3 rekatalogizácia
|0 0
|1 0
|4 0
|d 2006-07-19
|l 0
|r 2025-11-27 00:00:00
|w 2026-02-23
|
| 952 |
|
|
|a SNK
|b SNK
|y VYP
|7 0
|p 17A1301728
|o snkSD 14378 D1
|i snkF 3525/1967
|8 5
|0 0
|1 0
|4 0
|d 2018-10-29
|l 0
|r 2026-02-23 15:51:43
|w 2026-02-23
|